<?xml version="1.0" encoding="UTF-8"?>
<record
    xmlns:xsi="http://www.w3.org/2001/XMLSchema-instance"
    xsi:schemaLocation="http://www.loc.gov/MARC21/slim http://www.loc.gov/standards/marcxml/schema/MARC21slim.xsd"
    xmlns="http://www.loc.gov/MARC21/slim">

  <leader>01491nam0a2200361   4500</leader>
  <controlfield tag="001">RU\NLR\ONL2\25602</controlfield>
  <controlfield tag="005">20250613224340.0</controlfield>
  <datafield tag="010" ind1=" " ind2=" ">
    <subfield code="a">978-601-7340-20-9</subfield>
    <subfield code="9">500</subfield>
  </datafield>
  <datafield tag="035" ind1=" " ind2=" ">
    <subfield code="a">(NLR Aleph) 010212557</subfield>
  </datafield>
  <datafield tag="090" ind1=" " ind2=" ">
    <subfield code="a">10280608</subfield>
    <subfield code="c">10280608</subfield>
  </datafield>
  <datafield tag="100" ind1=" " ind2=" ">
    <subfield code="a">20130320d2011    |||y0rusy50      ca</subfield>
  </datafield>
  <datafield tag="101" ind1="0" ind2=" ">
    <subfield code="a">kaz</subfield>
  </datafield>
  <datafield tag="102" ind1=" " ind2=" ">
    <subfield code="a">RU</subfield>
  </datafield>
  <datafield tag="105" ind1=" " ind2=" ">
    <subfield code="a">y |||||||||</subfield>
  </datafield>
  <datafield tag="200" ind1="1" ind2=" ">
    <subfield code="a">&#x41E;&#x440;&#x442;&#x430; &#x433;&#x430;&#x441;&#x44B;&#x440;&#x434;&#x430;&#x433;&#x44B; &#x442;&#x443;&#x440;&#x43A;i &#x442;i&#x43B;&#x434;&#x435;&#x440;i&#x43D;i&#x43D; &#x434;&#x430;&#x43C;&#x443; &#x442;&#x430;&#x440;&#x438;&#x445;&#x44B;</subfield>
    <subfield code="f">&#x418;&#x441;&#x430;&#x431;&#x435;&#x43A;&#x43E;&#x432;&#x430; &#x423;. &#x41A;.</subfield>
    <subfield code="g">&#x422;&#x443;&#x440;&#x43A;i &#x430;&#x43A;&#x430;&#x434;.</subfield>
  </datafield>
  <datafield tag="210" ind1=" " ind2=" ">
    <subfield code="a">&#x410;&#x441;&#x442;&#x430;&#x43D;&#x430;</subfield>
    <subfield code="c">&#x421;&#x430;&#x440;&#x44B;&#x430;&#x440;&#x43A;&#x430;</subfield>
    <subfield code="d">2011</subfield>
  </datafield>
  <datafield tag="215" ind1=" " ind2=" ">
    <subfield code="a">223 &#x431;.</subfield>
    <subfield code="d">25</subfield>
  </datafield>
  <datafield tag="225" ind1="1" ind2=" ">
    <subfield code="a">&#x41A;&#x430;&#x437;i&#x440;&#x433;i &#x442;&#x443;&#x440;&#x43A;&#x43E;&#x43B;&#x43E;&#x433;&#x438;&#x44F;</subfield>
  </datafield>
  <datafield tag="300" ind1=" " ind2=" ">
    <subfield code="a">&#x41D;&#x430; &#x442;&#x438;&#x442;. &#x43B;. &#x438; &#x43E;&#x431;&#x43B;. &#x442;&#x430;&#x43A;&#x436;&#x435;: &#x41A;&#x430;&#x437;&#x430;&#x43A;&#x441;&#x442;&#x430;&#x43D; &#x43C;&#x430;&#x443;&#x435;&#x43B;&#x441;i&#x437;&#x434;i&#x433;i&#x43D;&#x435; 20 &#x436;&#x44B;&#x43B;</subfield>
  </datafield>
  <datafield tag="300" ind1=" " ind2=" ">
    <subfield code="a">&#x41F;&#x440;&#x435;&#x434;&#x438;&#x441;&#x43B;. &#x438; &#x431;&#x438;&#x43E;&#x433;&#x440;. &#x434;&#x430;&#x43D;&#x43D;&#x44B;&#x435; &#x430;&#x432;&#x442;. &#x43F;&#x430;&#x440;&#x430;&#x43B;. &#x43A;&#x430;&#x437;&#x430;&#x445;., &#x440;&#x443;&#x441;, &#x430;&#x43D;&#x433;&#x43B;.</subfield>
  </datafield>
  <datafield tag="320" ind1=" " ind2=" ">
    <subfield code="a">&#x411;&#x438;&#x431;&#x43B;&#x438;&#x43E;&#x433;&#x440;.: &#x441;. 201-213 (223 &#x43D;&#x430;&#x437;&#x432;.) &#x438; &#x432; &#x43F;&#x43E;&#x434;&#x441;&#x442;&#x440;&#x43E;&#x447;. &#x43F;&#x440;&#x438;&#x43C;&#x435;&#x447;.</subfield>
  </datafield>
  <datafield tag="541" ind1="1" ind2=" ">
    <subfield code="a">&#x41E;&#x441;&#x43E;&#x431;&#x435;&#x43D;&#x43D;&#x43E;&#x441;&#x442;&#x438; &#x440;&#x430;&#x437;&#x432;&#x438;&#x442;&#x438;&#x44F; &#x442;&#x44E;&#x440;&#x43A;&#x441;&#x43A;&#x438;&#x445; &#x44F;&#x437;&#x44B;&#x43A;&#x43E;&#x432; &#x432; &#x44D;&#x43F;&#x43E;&#x445;&#x443; &#x441;&#x440;&#x435;&#x434;&#x43D;&#x438;&#x445; &#x432;&#x435;&#x43A;&#x43E;&#x432;</subfield>
    <subfield code="z">rus</subfield>
  </datafield>
  <datafield tag="606" ind1="0" ind2=" ">
    <subfield code="a">&#x422;&#x44E;&#x440;&#x43A;&#x441;&#x43A;&#x438;&#x435; &#x44F;&#x437;&#x44B;&#x43A;&#x438;</subfield>
    <subfield code="x">&#x418;&#x441;&#x442;&#x43E;&#x440;&#x438;&#x44F;</subfield>
    <subfield code="9">1816512</subfield>
    <subfield code="3">RU\NLR\auth\661112741</subfield>
  </datafield>
  <datafield tag="686" ind1="1" ind2=" ">
    <subfield code="a">&#x428;163-012</subfield>
  </datafield>
  <datafield tag="700" ind1=" " ind2="1">
    <subfield code="a">&#x418;&#x441;&#x430;&#x431;&#x435;&#x43A;&#x43E;&#x432;&#x430;</subfield>
    <subfield code="b">&#x423;. &#x41A;.</subfield>
    <subfield code="g">&#x423;&#x43B;&#x434;&#x430;&#x440; &#x41A;&#x435;&#x43B;&#x434;&#x438;&#x431;&#x435;&#x43A;&#x43A;&#x44B;&#x437;&#x44B;</subfield>
    <subfield code="4">070</subfield>
  </datafield>
  <datafield tag="801" ind1=" " ind2="0">
    <subfield code="a">RU</subfield>
    <subfield code="b">NLR</subfield>
    <subfield code="c">20130321</subfield>
    <subfield code="g">PSBO</subfield>
  </datafield>
  <datafield tag="852" ind1=" " ind2=" ">
    <subfield code="a">NLR</subfield>
    <subfield code="j">&#x41A;&#x430;&#x437;&#x430;&#x445;./4-964</subfield>
    <subfield code="m">38215</subfield>
  </datafield>
  <datafield tag="852" ind1=" " ind2=" ">
    <subfield code="a">NLR</subfield>
    <subfield code="b">&#x41E;&#x41D;&#x41B;</subfield>
  </datafield>
  <datafield tag="942" ind1=" " ind2=" ">
    <subfield code="c">BOOK</subfield>
  </datafield>
  <datafield tag="980" ind1=" " ind2=" ">
    <subfield code="a">NB</subfield>
  </datafield>
  <datafield tag="980" ind1=" " ind2=" ">
    <subfield code="a">ONL_RF</subfield>
  </datafield>
</record>
